Política, gobierno y gerencia de las organizaciones (Registro nro. 2237)
[ vista simple ]
| 000 -LEADER | |
|---|---|
| fixed length control field | 01886 a2200229 4500 |
| 001 - CONTROL NUMBER | |
| control field | 32024 |
| 005 - DATE AND TIME OF LATEST TRANSACTION | |
| control field | 20260407155621.0 |
| 008 - FIXED-LENGTH DATA ELEMENTS--GENERAL INFORMATION | |
| fixed length control field | 260407a2000 arg spa d |
| 003 - CONTROL NUMBER IDENTIFIER | |
| control field | AR-UNSa-BCEJYS |
| 040 ## - CATALOGING SOURCE | |
| Original cataloging agency | AR-UNSa-BCEJYS |
| Language of cataloging | spa |
| Transcribing agency | AR-UNSa-BCEJYS |
| 080 ## - UNIVERSAL DECIMAL CLASSIFICATION NUMBER | |
| Universal Decimal Classification number | 658.012 |
| Common auxiliary subdivision | Métodos (Management...) |
| 020 ## - INTERNATIONAL STANDARD BOOK NUMBER | |
| International Standard Book Number | 987-9460-03-0 |
| 041 ## - LANGUAGE CODE | |
| Language code of text/sound track or separate title | spa |
| 100 1# - MAIN ENTRY--PERSONAL NAME | |
| Personal name | Etkin, Jorge Ricardo |
| 245 10 - TITLE STATEMENT | |
| Title | Política, gobierno y gerencia de las organizaciones |
| Name of part/section of a work | acuerdos, dualidades y divergencias |
| 264 #1 - PRODUCTION, PUBLICATION, DISTRIBUTION, MANUFACTURE, AND COPYRIGHT NOTICE | |
| Place of production, publication, distribution, manufacture | Buenos Aires : |
| Name of producer, publisher, distributor, manufacturer | Prentice Hall |
| Date of production, publication, distribution, manufacture, or copyright notice | 2000 |
| 300 ## - PHYSICAL DESCRIPTION | |
| Extent | 411 p. |
| Dimensions | 23 cm. |
| 505 ## - FORMATTED CONTENTS NOTE | |
| Formatted contents note | Parte I: Análisis de la organización: 1. Enfoque descriptivo y normativo - 2. La organización y el enfoque de sistemas - 3. Los factores de la complejidad - Parte II: Diseño y modelos de organización: 4. La organización planeada - 5. Los propósitos y su ajuste en el tiempo - 6. La organización del trabajo - 7. Aspectos metodológicos del diseño - 8. Las funciones básicas en el modelo - Parte III: Dinámica y desarrollo de la organización: 9. La organización en marcha - 10. Procesos de cambio: Lo proyectado - Parte IV: Imágenes y cultura de la organización: 11. Componentes culturales de la organización - 12. Los elementos del orden simbólico - Parte V: El lado oculto de la organización: 13. Estrategias de poder y persuación - 14. Las tensiones, crisis y conflictos - 15. Efectos no deseados del modelo competitivo - Parte VI: Política, gobierno y gerencia: 16. La política: El acuerdo y los propósitos - 17. El gobierno: La estrategia y el rumbo - 18. La gerencia: La praxis del cambio - 19. La dimensión social y cultural - 20. Gestión de instituciones |
| 590 ## - LOCAL NOTE (RLIN) | |
| Local note | niveau_biblio:m niveau_hierar:0 |
| 856 41 - ELECTRONIC LOCATION AND ACCESS | |
| Uniform Resource Identifier | <a href="https://biblioeco.unsa.edu.ar/pmb/images/libros/Politica gobierno y gerencia de las organizaciones-l86325.jpg">https://biblioeco.unsa.edu.ar/pmb/images/libros/Politica gobierno y gerencia de las organizaciones-l86325.jpg</a> |
| Link text | Imagen de portada |
| Electronic format type | image/jpeg |
| 942 ## - ADDED ENTRY ELEMENTS (KOHA) | |
| Koha item type | |
| Withdrawn status | Lost status | Damaged status | Not for loan | Home library | Current library | Shelving location | Date acquired | Total checkouts | Full call number | Barcode | Date last seen | Price effective from | Koha item type |
|---|---|---|---|---|---|---|---|---|---|---|---|---|---|
| Biblioteca Prof. Eusebio Cleto del Rey | Biblioteca Prof. Eusebio Cleto del Rey | 07/04/2026 | 658.012 E83 | L86323 | 07/04/2026 | 07/04/2026 | Libro | ||||||
| Biblioteca Prof. Eusebio Cleto del Rey | Biblioteca Prof. Eusebio Cleto del Rey | 07/04/2026 | 658.012 E83 | L86324 | 07/04/2026 | 07/04/2026 | Libro | ||||||
| Biblioteca Prof. Eusebio Cleto del Rey | Biblioteca Prof. Eusebio Cleto del Rey | 07/04/2026 | 658.012 E83 | L86326 | 07/04/2026 | 07/04/2026 | Libro | ||||||
| Biblioteca Prof. Eusebio Cleto del Rey | Biblioteca Prof. Eusebio Cleto del Rey | 07/04/2026 | 658.012 E83 | L86325 | 07/04/2026 | 07/04/2026 | Libro |